[Event "EICC 2017"]
[Site "Minsk"]
[Date "2017.06.03"]
[Round "5"]
[White "Areshchenko, Alexander"]
[Black "Deac, Bogdan-Daniel"]
[Result "1/2-1/2"]
[WhiteElo "2677"]
[BlackElo "2572"]
[Annotator "TA"]
[PlyCount "58"]
[EventDate "2017.??.??"]
[EventCountry "BLR"]
[SourceTitle "playchess.com"]
[Source "ChessBase"]
[SourceQuality "1"]

{[%evp 18,58,5,7,18,0,11,10,21,0,0,-14,0,0,9,0,46,46,47,47,48,45,46,0,0,0,0,0,0,0,0,0,0,0,0,0,0,0,0,0,0,0,0]} 1. e4 e5 2. Nf3 Nc6 3. Bc4 Nf6 4. d3 Bc5 5. O-O O-O 6. h3 d6 7. c3 h6 8. Re1 a5 {C54: Giuoco Piano: 4 c3 Nf6, main lines with 5 d4 and 5 d3} 9. Nbd2 a4 10. Nf1 {LiveBook: 3 Games} Ra5 $146 ({Predecessor:} 10... Bd7 11. d4 Bb6 12. Ng3 Re8 13. dxe5 dxe5 14. Be3 {½-½ (55) Malakhov,V (2712)-Gledura,B (2602) Chartres 2017}) 11. a3 Re8 12. Ng3 Bb6 13. Be3 Bxe3 14. fxe3 Be6 15. Bxe6 fxe6 16. Rf1 d5 17. Qe2 dxe4 18. Nxe4 Nxe4 19. dxe4 Qe7 20. Rf2 Nd8 {The position is equal.} 21. Raf1 Rf8 22. Kh2 b6 23. Nh4 Rxf2 24. Qxf2 {Ng6 is the strong threat.} Kh7 25. Qg3 Qg5 26. Qe1 Rb5 27. Qe2 Ra5 28. Qe1 Rb5 29. Qe2 Ra5 {Precision: White = 73%, Black = 71%.} 1/2-1/2

[Event "EICC 2017"]
[Site "Minsk"]
[Date "2017.06.03"]
[Round "5"]
[White "Rakhmanov, Aleksandr"]
[Black "Gabuzyan, Hovhannes"]
[Result "1/2-1/2"]
[WhiteElo "2676"]
[BlackElo "2570"]
[Annotator "TA"]
[PlyCount "83"]
[EventDate "2017.??.??"]
[EventCountry "BLR"]
[SourceTitle "playchess.com"]
[Source "ChessBase"]
[SourceQuality "1"]

{[%evp 34,83,39,14,22,29,33,23,48,52,56,29,29,27,29,0,16,0,29,29,29,29,29,29,29,14,27,25,22,10,64,67,81,39,39,21,21,11,30,29,40,12,42,42,47,0,0,-9,-9,-2,-2,-2]} 1. Nf3 c5 2. c4 Nf6 3. Nc3 e6 4. g3 b6 5. Bg2 Bb7 6. O-O Be7 7. d4 cxd4 8. Qxd4 d6 9. Bg5 a6 10. Bxf6 Bxf6 11. Qf4 O-O 12. Rfd1 Be7 13. Ne4 Bxe4 14. Qxe4 Ra7 15. Nd4 {A30: Symmetrical English: Double Fianchetto and Hedgehog} Rc7 16. b3 (16. Rac1 Re8 17. e3 Bf8 18. b3 Qc8 19. Rc2 Nd7 20. Rcd2 Nf6 21. Qf3 d5 22. cxd5 Nxd5 {½-½ (80) Iturrizaga Bonelli,E (2641)-Zhang,Z (2619) Berlin 2015}) 16... Qc8 17. e3 Bf6 18. a4 {LiveBook: 4 Games} Nd7 19. Rab1 $146 ({Predecessor:} 19. a5 Rc5 20. axb6 Nxb6 21. Qd3 a5 22. Qd2 d5 23. Rxa5 dxc4 {½-½ (34) Scherer,A (2437)-Tauscher,K (2450) Remote email 2011}) 19... Nc5 20. Qf3 Rd8 21. Nc6 Rdd7 22. h4 a5 23. Nd4 {Nb5 is the strong threat.} Rd8 24. Nc6 Rdd7 25. Nd4 {Black must now prevent Nb5.} Rd8 26. Nb5 Rcd7 27. Qe2 Na6 28. Rbc1 Qc5 29. Rd2 Nb4 30. Rcd1 g6 31. Kh2 Kg7 ({Better is} 31... d5 $11) 32. e4 $14 Nc6 33. Bh3 Na7 34. Nxa7 Rxa7 35. f4 Rc7 36. Rd3 h5 37. Bg2 (37. e5 $5 {[%cal Re5f6]} Be7 38. Qd2 $16) 37... Qb4 38. e5 Be7 39. Qd2 (39. Qe3 $5 {[%cal Re5d6]} d5 40. cxd5 exd5 41. Qe2 $16 (41. Bxd5 Rc2+ 42. Kh3 Qa3 $16) (41. Rxd5 Rxd5 42. Rxd5 Rc3 $16)) 39... Qxd2 {The position is equal.} 40. R1xd2 {[%cal Re5d6]} Bf8 $1 41. Be4 Rdc8 42. exd6 {Precision: White = 46%, Black = 58%.} 1/2-1/2

[Event "EICC 2017"]
[Site "Minsk"]
[Date "2017.06.03"]
[Round "5"]
[White "Safarli, Eltaj"]
[Black "Grib, Roman"]
[Result "1/2-1/2"]
[WhiteElo "2668"]
[BlackElo "2415"]
[Annotator "TA"]
[PlyCount "134"]
[EventDate "2017.??.??"]
[EventCountry "BLR"]
[SourceTitle "playchess.com"]
[Source "ChessBase"]
[SourceQuality "1"]

{[%evp 25,134,39,29,27,25,10,0,10,60,43,66,58,132,116,121,126,117,122,110,95,104,74,108,113,106,110,130,110,108,102,125,125,133,130,117,121,172,137,136,138,141,141,145,142,133,134,179,187,208,206,185,206,202,209,195,198,200,195,181,187,194,200,183,83,83,88,97,114,89,37,216,38,38,0,0,0,0,0,0,0,0,0,0,0,0,0,0,0,0,0,0,0,0,0,0,0,0,0,0,0,0,0,0,0,0,0,0,0,0,0,0]} 1. d4 e6 2. e4 d5 3. Nc3 Nf6 4. Bg5 Be7 5. e5 Nfd7 6. Bxe7 Qxe7 7. f4 a6 8. Nf3 c5 9. dxc5 Nc6 10. Bd3 Qxc5 11. Qd2 b5 12. a3 f6 {C14: French: Classical System: 4 Bg5 Be7 main line} (12... O-O 13. Qf2 Ra7 14. Qxc5 Nxc5 15. Kd2 f5 16. Ne2 h6 17. Rhg1 g5 18. g4 Ne4+ 19. Ke3 Rg7 20. gxf5 {1-0 (66) Robson,R (2620)-Akobian,V (2616) Wheeling 2013}) 13. exf6 Nxf6 {LiveBook: 4 Games} 14. Ne2 O-O {White has an edge.} 15. Nfd4 Nxd4 16. Nxd4 e5 $146 ({Predecessor:} 16... Bd7 17. c3 {1-0 (17) Solodovnichenko,Y (2430)-Wilgenhof,O (2247) Chessfriend.com 2003}) 17. fxe5 Ng4 18. Qb4 Qb6 (18... Qxb4+ $14 19. axb4 Nxe5) 19. O-O-O $16 Qh6+ 20. Kb1 Nxe5 21. Qc5 Rd8 22. Bf5 Nc4 {Threatening ...Ne3.} 23. Qe7 Qf6 24. Qxf6 gxf6 25. Rhe1 Ne5 26. Re3 Bxf5 27. Nxf5 Ra7 28. Rg3+ Kf8 29. Nd4 {Ne6+ is the strong threat.} Kf7 30. Rf1 Nc4 (30... Rh8 $16 {was necessary.} 31. Rg5 Nc4) 31. Kc1 {aiming for Nc6.} Ne5 32. Rg5 Re7 33. Rgf5 Rd6 34. Rh5 $36 {[%mdl 2048] White is really pushing.} Kg6 35. Rh3 Rc7 36. Rf4 h5 37. Rg3+ $1 Kf7 38. Rh4 Rc4 39. b3 Ng6 40. Rxg6 $1 ({Don't play} 40. bxc4 Nxh4 41. cxb5 axb5 $16) 40... Rxd4 {[#]} 41. Rxf6+ $1 {[%mdl 512]} Rxf6 42. Rxd4 $18 {[%mdl 4096] Endgame KR-KR} Ke6 {[#]} 43. Rh4 $1 Rf5 44. Kd2 (44. Kd1 $18 {has better winning chances.}) 44... Rf2+ $16 45. Kd3 Rxg2 46. Rxh5 a5 47. Rh8 ({Better is} 47. b4 $16) 47... Kd6 $2 {[#]} ({Black should play} 47... a4 $14) 48. Rh6+ $2 (48. h4 $1 $18) 48... Ke5 $14 49. Rb6 Rxh2 {The position is equal.} 50. Rxb5 a4 51. Kc3 (51. c3 $5 {[%cal Rb3a4]} Rh3+ 52. Kd2 Rh2+ 53. Kd1 $11) 51... Rh3+ 52. Kb4 axb3 53. cxb3 Ke4 54. Rb8 d4 55. a4 Rh1 56. Re8+ Kd3 $1 57. a5 {Strongly threatening a6.} Ra1 58. Rd8 (58. Kb5 $5 {[%cal Rb3b4]} Kc3 59. b4 $11) 58... Ke3 59. Kc4 Rc1+ $1 60. Kb5 (60. Kd5 $5 {[%cal Rd8e8]}) 60... d3 $1 61. a6 Ra1 $1 62. b4 {Threatens to win with Kb6.} (62. Rd7 $5 {[%cal Ra6a7]} d2 63. Kb6 $11) 62... d2 63. Kb6 {Hoping for a7.} d1=Q 64. Rxd1 Rxd1 65. b5 Kd4 66. a7 Ra1 67. Kb7 Kc5 {Precision: White = 60%, Black = 60%.} 1/2-1/2

[Event "EICC 2017"]
[Site "Minsk"]
[Date "2017.06.03"]
[Round "5"]
[White "Motylev, Alexander"]
[Black "Esipenko, Andrey"]
[Result "1/2-1/2"]
[WhiteElo "2665"]
[BlackElo "2509"]
[Annotator "TA"]
[PlyCount "67"]
[EventDate "2017.??.??"]
[EventCountry "BLR"]
[SourceTitle "playchess.com"]
[Source "ChessBase"]
[SourceQuality "1"]

{[%evp 22,67,19,12,38,33,33,33,38,33,32,23,37,33,37,29,29,0,15,0,0,4,14,17,17,10,23,23,18,17,20,20,20,27,22,29,59,14,29,10,15,12,18,0,7,0,16,0]} 1. e4 e5 2. Nf3 Nc6 3. Bc4 Bc5 4. O-O Nf6 5. d3 O-O 6. a4 a6 7. h3 d6 8. c3 Ba7 9. Re1 Ne7 10. Nbd2 {[%cal Bb1d2,Bd2f1,Bf1g3][%mdl 32]} Ng6 {C54: Giuoco Piano: 4 c3 Nf6, main lines with 5 d4 and 5 d3} 11. Nf1 c6 12. Bb3 {LiveBook: 7 Games} (12. Ba2 Be6 13. Bxe6 fxe6 14. Ng3 d5 15. Be3 Bxe3 16. Rxe3 Qb6 17. Qc2 a5 18. Ra3 {½-½ (42) Howell,D (2667)-Ipatov,A (2660) Saint Louis 2017}) 12... Re8 13. Ng3 Be6 14. d4 h6 15. a5 $146 ({Predecessor:} 15. Bc2 Qc7 16. Be3 Rad8 17. Qc1 d5 18. Nxe5 Nxe5 19. dxe5 Bxe3 20. Qxe3 Qxe5 {1-0 (28) Perez,M (2406)-Varacalli,F (2088) Caba 2017}) 15... Bxb3 16. Qxb3 Qc7 17. Be3 exd4 18. Bxd4 Ne5 19. Nxe5 {Threatens to win with Nc4.} Bxd4 20. cxd4 {Black must now prevent Nc4.} dxe5 21. Nf5 exd4 22. e5 $1 {[%cal Re5f6]} Rxe5 {[#]} 23. Nxh6+ $1 {[%mdl 512]} gxh6 24. Qg3+ {[#]} Ng4 $1 25. Qxg4+ Rg5 26. Qxd4 Rd8 27. Qf6 Rg6 28. Qc3 Qd7 29. Re3 Qd5 {[%csl Gg6][%cal Rd5g2]} 30. Rf3 Qd4 {The position is equal.} 31. Qb3 Qd5 32. Qc3 Qd4 33. Qb3 Qd5 34. Qc3 {Precision: White = 53%, Black = 50%.} 1/2-1/2

[Event "EICC 2017"]
[Site "Minsk"]
[Date "2017.06.03"]
[Round "5"]
[White "Anton Guijarro, David"]
[Black "Bortnyk, Olexandr"]
[Result "1-0"]
[WhiteElo "2660"]
[BlackElo "2567"]
[Annotator "TA"]
[PlyCount "57"]
[EventDate "2017.??.??"]
[EventCountry "BLR"]
[SourceTitle "playchess.com"]
[Source "ChessBase"]
[SourceQuality "1"]

{[%evp 10,57,45,44,69,67,85,88,73,63,93,83,93,79,87,34,68,29,24,0,25,23,32,28,22,20,16,-129,271,83,272,249,665,670,10364,5281,1869,1526,29986,29987,29987,29988,29988,29988,29988,29989,29989,29987,29987,29988]} 1. d4 Nf6 2. c4 b6 3. f3 Bb7 4. e4 e6 5. Nc3 Bb4 6. Bd3 {LiveBook: 11 Games} O-O {A50: Queen's Fianchetto Defence (1 d4 Nf6 2 c4 b6)} (6... Nc6 7. Nge2 Bxc3+ 8. bxc3 d6 9. O-O Qe7 10. f4 Na5 11. e5 Ne4 12. Ba3 f5 13. Bb4 Nc6 14. Bxe4 fxe4 {0-1 (39) Aleksandrov,A (2569)-Kovalenko,I (2650) Liepaja 2014}) 7. Nge2 d5 {[#]} 8. cxd5 $1 exd5 {White is better.} 9. e5 Nfd7 10. a3 Be7 11. Qc2 h6 12. Nf4 (12. f4 $16) 12... Bg5 $146 ({Predecessor:} 12... c5 13. Be3 cxd4 14. Bxd4 {0-1 (29) Altenburg,R-Staben,T Mecklenburg VP 2000}) 13. O-O c5 $1 14. Nfe2 $36 {[%mdl 2048] White fights for an advantage.} (14. dxc5 {feels hotter.} d4 15. Bh7+ Kh8 16. Be4 Bc6 17. Ncd5) 14... cxd4 (14... Bxc1 {keeps more tension.} 15. Rfxc1 cxd4 16. Nb5 Nxe5 17. Nc7 Nxd3 18. Qxd3 Nd7) 15. f4 dxc3 16. fxg5 cxb2 17. Bxb2 Qxg5 18. Nf4 (18. e6 $1 $11 fxe6 19. Qc7) 18... Qe7 $2 {[%mdl 8192]} (18... Nxe5 $17 19. Bh7+ Kh8) 19. Bh7+ $18 Kh8 {[#]} 20. e6 $1 {[%mdl 512]} Rc8 $2 (20... Qc5+ 21. Qxc5 bxc5) (20... fxe6 21. Ng6+) 21. Qf5 Nf6 {intending ...fxe6.} 22. exf7 Qxf7 23. Bxf6 gxf6 24. Ng6+ {White mates.} Kg7 {[#]} 25. Ne5 $1 {[%mdl 512]} Qe8 (25... fxe5 26. Qxf7+) 26. Rae1 Nc6 27. Qxf6+ Kxh7 28. Nxc6 Rxc6 29. Re7+ {Precision: White = 63%, Black = 44%.} 1-0

[Event "EICC 2017"]
[Site "Minsk"]
[Date "2017.06.03"]
[Round "5"]
[White "Riazantsev, Alexander"]
[Black "Mastrovasilis, Dimitrios"]
[Result "1/2-1/2"]
[WhiteElo "2659"]
[BlackElo "2580"]
[Annotator "TA"]
[PlyCount "31"]
[EventDate "2017.??.??"]
[EventCountry "BLR"]
[SourceTitle "playchess.com"]
[Source "ChessBase"]
[SourceQuality "1"]

{[%evp 19,31,38,26,22,35,46,46,43,45,37,39,36,38,37]} 1. d4 d5 2. c4 e6 3. Nf3 Nf6 4. Nc3 a6 5. cxd5 exd5 6. Bg5 {D37: Queen's Gambit Declined: 5 Bf4} (6. Bf4 Bd6 7. Bg3 O-O 8. e3 Bf5 9. Qb3 Bxg3 10. hxg3 Nc6 11. Be2 Qd6 12. O-O Ne7 13. Ne5 h5 {0-1 (39) Karjakin,S (2783)-Adams,M (2761) Shamkir 2017}) 6... Be6 7. e3 Nbd7 8. Bd3 h6 9. Bf4 g5 10. Bg3 Nh5 {LiveBook: 22 Games} 11. Be5 Ng7 12. h3 {White is slightly better.} Nxe5 13. Nxe5 Bd6 {[#]} 14. O-O $146 c6 15. Rc1 h5 16. e4 1/2-1/2

[Event "EICC 2017"]
[Site "Minsk"]
[Date "2017.06.03"]
[Round "5"]
[White "Kovalenko, Igor"]
[Black "Kryakvin, Dmitry"]
[Result "1-0"]
[WhiteElo "2657"]
[BlackElo "2560"]
[Annotator "TA"]
[PlyCount "91"]
[EventDate "2017.??.??"]
[EventCountry "BLR"]
[SourceTitle "playchess.com"]
[Source "ChessBase"]
[SourceQuality "1"]

{[%evp 11,91,14,27,27,27,18,14,8,28,27,40,24,29,14,27,0,0,0,75,40,47,46,82,83,73,82,82,77,113,102,118,115,117,120,131,122,133,126,130,100,124,38,193,185,167,169,245,245,344,344,368,388,454,365,676,695,660,549,541,519,829,707,736,675,649,639,1276,1249,12838,5548,12840,12840,12841,7608,12841,29961,12838,12839,12839,12836,12832,10512]} 1. c4 Nf6 2. Nc3 e6 3. Nf3 Bb4 4. Qc2 c5 5. a3 Ba5 6. e3 Nc6 {LiveBook: 30 Games. A17: English Opening: 1...Nf6 with ...Bb4} 7. b3 {[%cal Bb2b3,Bb3b4,Bb4b5][%mdl 32]} (7. Be2 e5 8. O-O O-O 9. b3 Re8 10. Bb2 d6 11. Rad1 Bg4 12. d3 h6 13. Ne4 Nxe4 14. dxe4 {½-½ (133) Bu,X (2698)-Zhou,J (2635) Shenzhen 2016}) 7... O-O 8. Bb2 e5 {The position is equal.} 9. Bd3 Bxc3 10. Bxc3 d6 11. O-O $146 ({Predecessor:} 11. h3 Qe7 12. O-O h6 13. b4 Re8 {1-0 (53) Burnett,R (2444)-Karklins,A (2285) Mashantucket 2005}) 11... h6 12. b4 Re8 13. b5 Na5 14. Be2 $36 {[%mdl 2048] White is pushing.} b6 (14... e4 $11) 15. e4 Nh5 16. g3 Bg4 17. d3 Nf6 18. Kh1 a6 19. a4 axb5 20. axb5 Nh7 21. Ng1 Bxe2 22. Nxe2 Nf6 23. h3 Nb7 24. Kh2 Qc7 25. f4 Nd7 26. f5 (26. Bb2 $16) 26... f6 $2 {[#]} (26... Rxa1 $1 $14 27. Rxa1 Na5) 27. Bd2 $18 Reb8 28. Nc3 Qd8 (28... Qc8 {was called for.} 29. Nd5 Kf8) 29. Nd5 Rxa1 (29... Kf8 {was worth a try.} 30. Ra6 Kg8) 30. Rxa1 Ra8 31. Ra6 Kh7 32. Qa4 Na5 $2 (32... Rb8 33. Qd1 Qe8) 33. Bxa5 bxa5 34. Rxa8 Qxa8 35. b6 {[%cal Bb5b6,Bb6b7][%mdl 32]} Nf8 (35... Nxb6 $142 36. Nxb6 Qa7) 36. Nc7 Qb8 37. Qxa5 Nd7 38. Nd5 Qe8 39. g4 h5 40. b7 hxg4 41. hxg4 Kh6 42. Kg3 Qh8 43. Qd2+ g5 44. Qh2+ {White is clearly winning.} Kg7 45. Qxh8+ Kxh8 {[#]} 46. Nxf6 $1 {[%mdl 512] Precision: White = 68%, Black = 24%.} 1-0

[Event "EICC 2017"]
[Site "Minsk"]
[Date "2017.06.03"]
[Round "5"]
[White "Jones, Gawain C B"]
[Black "Martirosyan, Haik M"]
[Result "1-0"]
[WhiteElo "2654"]
[BlackElo "2516"]
[Annotator "TA"]
[PlyCount "119"]
[EventDate "2017.??.??"]
[EventCountry "BLR"]
[SourceTitle "playchess.com"]
[Source "ChessBase"]
[SourceQuality "1"]

{[%evp 17,119,-6,33,1,38,20,18,17,28,22,30,17,58,58,68,70,89,88,108,110,105,105,106,74,81,80,83,83,83,83,103,103,103,103,119,119,119,119,124,119,119,119,119,119,119,119,119,119,119,119,119,119,119,119,135,122,122,122,135,132,132,99,99,99,99,99,99,92,92,92,92,92,92,0,0,0,31,31,31,0,0,0,0,0,31,0,0,0,0,0,12831,12831,12832,12832,12836,12836,12837,12837,12835,9481,12838,12839,12840,12840]} 1. Nf3 Nf6 2. g3 d5 3. Bg2 g6 4. c4 c6 5. b3 Bg7 6. Bb2 O-O 7. O-O Bg4 8. h3 Bxf3 {A11: English Opening: 1...c6} 9. Bxf3 e6 {LiveBook: 5 Games} (9... Qb6 10. Qc2 Rd8 11. e3 e6 12. d4 Nbd7 13. Bg2 h5 14. Nd2 a5 15. a3 Rdc8 16. c5 {0-1 (63) Kayumov,S (2505)-Kozul,Z (2613) Doha 2016}) 10. Qc2 Nbd7 {The position is equal.} 11. d3 Re8 $146 ({Predecessor:} 11... Rc8 12. Nd2 Qe7 13. Rab1 Rfd8 14. Rfc1 Ne8 15. b4 Bxb2 16. Qxb2 {0-1 (40) Thiede,L (2442)-Dovramadjiev,T (2331) Santanyi 2004}) 12. e3 a5 13. Nc3 Nb6 14. Rac1 a4 15. Nxa4 Nxa4 16. bxa4 dxc4 17. Qxc4 Nd7 18. Bxg7 Kxg7 19. Qb4 Qf6 20. Be2 Ra7 21. Rc4 Qe7 22. Rb1 Qxb4 23. Rcxb4 Nf6 24. Rxb7 Rxa4 25. Rc7 Nd5 26. Rxc6 Rxa2 27. Bf3 Ra5 28. Rd6 Nf6 29. Rb7 Raa8 30. Rdb6 Kf8 31. d4 Re7 32. Rxe7 Ra1+ 33. Kg2 Kxe7 $16 {[%mdl 4096] Endgame KRB-KRN} 34. g4 {[%cal Bg3g4,Bg4g5][%mdl 32]} Ra5 35. h4 h5 36. Rb7+ Kf8 37. g5 Nd5 38. Rb8+ Kg7 39. Bxd5 Rxd5 {KR-KR} 40. Rc8 Ra5 41. Rd8 Ra1 42. e4 Re1 {[#]} 43. f3 $1 Rd1 44. d5 exd5 45. exd5 (45. Rxd5 $16 Ra1 46. Rc5) 45... Rd2+ 46. Kg3 {next d6 is good for White.} Rd3 47. d6 {aiming for Kf4.} Rd4 48. Kh3 Rd3 49. Kg2 Rd2+ 50. Kg3 {Hoping for Kf4.} Rd4 51. f4 Rd3+ 52. Kf2 Rd5 53. Ke3 {[#] Ke4 is the strong threat.} Rd1 $2 {[%mdl 8192]} (53... f5 $11) 54. Ke4 $18 {White is clearly winning.} Rd2 55. Ke5 Re2+ 56. Kd5 Rd2+ 57. Kc6 Rc2+ 58. Kd7 Rc4 59. Ra8 Rxf4 60. Kc6 {Precision: White = 70%, Black = 71%.} 1-0

[Event "EICC 2017"]
[Site "Minsk"]
[Date "2017.06.03"]
[Round "5"]
[White "Kravtsiv, Martyn"]
[Black "Chigaev, Maksim"]
[Result "1/2-1/2"]
[WhiteElo "2653"]
[BlackElo "2559"]
[Annotator "TA"]
[PlyCount "55"]
[EventDate "2017.??.??"]
[EventCountry "BLR"]
[SourceTitle "playchess.com"]
[Source "ChessBase"]
[SourceQuality "1"]

{[%evp 27,55,10,19,20,15,15,33,0,0,1,18,0,7,0,0,3,11,13,18,6,32,32,32,0,8,5,6,0,0,0]} 1. e4 c5 2. Nf3 e6 3. d4 cxd4 4. Nxd4 Nc6 5. Nc3 Qc7 6. Be2 a6 7. O-O Nf6 8. Be3 Be7 9. f4 d6 10. Kh1 O-O 11. Qe1 Nxd4 12. Bxd4 b5 13. Qg3 Bb7 14. a3 Rac8 15. Rae1 {B85: Sicilian Scheveningen: 6 Be2 a6, lines with early Be3} Bc6 16. Bf3 Qb7 17. b4 {White is slightly better.} Rfd8 $146 ({Predecessor:} 17... Qc7 18. Nd1 a5 19. Nf2 Rfd8 20. Re3 axb4 21. axb4 d5 22. e5 Ne4 23. Bxe4 dxe4 24. c3 Bxb4 25. Ng4 Kh8 26. Qh4 Be7 27. Nf6 h6 28. Rh3 b4 29. Qg5 {1-0 (29) Mista,A (2562)-Pieniazek,A (2368) Legnica 2012}) 18. Nd1 Ne8 19. Nf2 Bf6 20. c3 Qe7 21. e5 dxe5 22. fxe5 Bh4 23. Qh3 {[#] Bc5 is the strong threat.} Bxf3 (23... Bxf2 $5 24. Rxf2 Bxf3 25. Rxf3 Qb7 $14) 24. Qxf3 {Threatens to win with g3.} Bxf2 $1 25. Rxf2 Nc7 {The position is equal.} 26. Ref1 Rd7 27. Qc6 Qe8 28. h3 {Precision: White = 65%, Black = 57%.} 1/2-1/2

[Event "EICC 2017"]
[Site "Minsk"]
[Date "2017.06.03"]
[Round "5"]
[White "Sargissian, Gabriel"]
[Black "Harutyunian, Tigran K"]
[Result "1-0"]
[WhiteElo "2650"]
[BlackElo "2523"]
[Annotator "TA"]
[PlyCount "61"]
[EventDate "2017.??.??"]
[EventCountry "BLR"]
[SourceTitle "playchess.com"]
[Source "ChessBase"]
[SourceQuality "1"]

{[%evp 24,61,41,43,48,27,21,16,11,8,13,0,0,-7,6,0,48,47,64,57,41,28,69,74,89,48,78,67,181,183,174,118,468,475,531,550,536,518,29992,29993]} 1. d4 d5 2. c4 c6 3. Nf3 Nf6 4. e3 Bf5 5. Nc3 e6 6. Nh4 Be4 7. f3 Bg6 8. Qb3 Qc7 9. Bd2 {D12: Slav Defence: 3 Nf3 Nf6 4 e3 Bf5} Be7 10. Nxg6 hxg6 11. O-O-O Nbd7 12. cxd5 cxd5 13. Kb1 {LiveBook: 8 Games} Qb6 14. Qa4 a6 15. g4 {[%cal Bg2g4,Bg4g5][%mdl 32] [#]} Qd8 $146 ({Predecessor:} 15... Qc6 16. Qxc6 bxc6 {1-0 (47) Wang,H (2737)-Mamedyarov,S (2764) Tashkent 2012}) 16. Qb3 b5 17. g5 Nh5 18. e4 Nb6 (18... Ng3 $5 19. hxg3 Rxh1 $11) 19. exd5 exd5 20. f4 {And now Bg2 would win.} Qd7 21. Bg2 $36 {[%cal Rc3d5][%mdl 2048] White has some pressure.} Rd8 22. Ka1 O-O 23. Ne2 Nc4 {[#]} 24. Bc1 $1 a5 25. Nc3 {[%cal Be2c3,Bc3d5,Bd5f6][%mdl 32]} Rb8 (25... a4 $14 26. Qxb5 Qxb5 27. Nxb5 Bb4) 26. Nxd5 $18 Bd6 27. Qh3 (27. Qf3 $18) 27... Qa7 $2 {[%mdl 8192]} (27... Rfd8 $16 {is more resistant.} 28. Qxd7 Rxd7) 28. f5 Rbe8 29. Bf3 Qd7 30. Bxh5 gxh5 {[#]} (30... Qxf5 $18 31. Qxf5 gxf5) 31. Nf6+ $1 {[%mdl 512] Precision: White = 75%, Black = 42%.} 1-0

[Event "EICC 2017"]
[Site "Minsk"]
[Date "2017.06.03"]
[Round "5"]
[White "Volokitin, Andrei"]
[Black "Jurcik, Marian"]
[Result "1-0"]
[WhiteElo "2649"]
[BlackElo "2501"]
[Annotator "TA"]
[PlyCount "107"]
[EventDate "2017.??.??"]
[EventCountry "BLR"]
[SourceTitle "playchess.com"]
[Source "ChessBase"]
[SourceQuality "1"]

{[%evp 18,107,16,11,15,6,32,24,29,25,23,32,19,16,35,42,40,35,95,97,118,118,112,104,76,88,173,172,176,181,177,177,175,171,176,161,209,208,202,202,214,214,214,214,214,214,270,252,274,198,299,285,551,548,535,523,508,479,410,235,581,539,12828,9442,12834,12831,12832,12832,12832,12531,12833,12833,12833,12834,12834,12835,12835,12835,12835,12835,12830,12825,2275,2137,12837,12836,12841,12842,12842,12843,12843,12843]} 1. e4 c5 2. Nf3 d6 3. d4 cxd4 4. Nxd4 Nf6 5. Nc3 a6 6. h3 e5 7. Nb3 Be6 {B90: Sicilian Najdorf: Unusual White 6th moves, 6 Be3 Ng4 and 6 Be3 e5} 8. f4 g6 9. Be2 Nbd7 10. O-O {LiveBook: 3 Games} Rc8 11. Be3 $146 ({Predecessor:} 11. f5 gxf5 12. exf5 Bc4 13. Bxc4 Rxc4 14. Qd3 Qc7 15. Be3 {0-1 (40) Gharamian,T (2626)-Rodshtein,M (2698) Chartres 2017}) 11... Rxc3 12. bxc3 Nxe4 13. Bf3 Nxc3 14. Qd2 Qc7 15. fxe5 dxe5 16. Nd4 $36 {[%mdl 2048] White is pushing.} exd4 17. Bxd4 Bc5 (17... Ne5 $1 $14 18. Qxc3 Qxc3 19. Bxc3 Nxf3+ 20. Kh1 (20. gxf3 Bc5+ 21. Kg2 O-O $11) 20... Nd2 $1 {[%mdl 512]}) 18. Qxc3 $16 Bxd4+ 19. Qxd4 O-O 20. Bd5 Bxd5 21. Qxd5 Qc5+ (21... Nc5 $16 {keeps fighting.}) 22. Qxc5 $18 Nxc5 {[%mdl 4096] Endgame KRR-KRN} 23. Rae1 Ne6 24. Rd1 Nc5 25. Rf3 Rc8 26. Rd6 Kf8 {[#]} 27. Rc3 $1 Ke7 28. Rb6 Rc7 29. g4 {[%cal Bg2g4,Bg4g5][%mdl 32]} Kd7 30. Rf6 Ke7 {[#]} 31. g5 $1 h5 32. h4 Ke8 33. Rc4 Ke7 (33... b5 $142 34. Rc3 Ke7) 34. a4 {[%cal Ba2a4,Ba4a5][%mdl 32]} Rc8 $2 (34... a5 {is a better defense.} 35. Rb6 Kd7) 35. a5 Rc7 36. Kf2 Ke8 37. Kf3 Ke7 38. Ke3 (38. Rb6 $142 Kd8 39. Rf6) 38... Kd8 $2 (38... Kf8 {is more resistant.} 39. Kf3 Ke8) 39. Rd6+ {White is clearly winning.} Ke8 40. Kd4 Ke7 41. Kd5 Ne6 42. Rxc7+ Nxc7+ {KR-KN} 43. Ke5 Ne6 44. Rb6 Nd8 45. Kd5 Kd7 46. c4 {[%cal Bc2c4,Bc4c5][%mdl 32]} Kc7 47. Rf6 Kd7 48. c5 Kc7 49. Ke5 Nc6+ 50. Ke4 Nd8 51. Kd5 Kd7 52. Rd6+ Ke7 {[#]} 53. Rxd8 $1 {[%mdl 512]} Kxd8 54. Kd6 {Precision: White = 100%, Black = 37%.} 1-0